Imagine Dragons Night Visions Tour Songs - Statistics

General Stats
  • This quiz has been taken 18 times
  • The average score is 16 of 19
Answer Stats
Plays Album Song % Correct
130 Night Visions Amsterdam
100%
126 Night Visions Demons
100%
129 Night Visions On Top of the World
100%
136 Night Visions Radioactive
100%
129 Night Visions Tiptoe
100%
73 Night Visions Bleeding Out
92%
134 Night Visions It's Time
92%
110 Night Visions Nothing Left to Say
92%
118 Night Visions Cha-Ching (Till We Grow Older)
83%
128 Night Visions Hear Me
83%
125 Night Visions Rocks
83%
128 Night Visions Round and Round
83%
1 Night Visions The River
83%
111 Night Visions Underdog
83%
2 Night Visions Working Man
75%
2 Night Visions Fallen
67%
2 It's Time EP Tokyo
58%
1 Smoke + Mirrors/Hunger Games Who We Are
58%
110 Unreleased 30 Lives
42%
No matching quizzes found
Score Distribution
Percent of People with Each Score
Percentile by Number Answered
Your Score History
You have not taken this quiz